00995cam a2200241 i 450000100060000000300080000600500170001400800390003103500190007004000320008904100080012108200180012910000280014724502100017526000480038530000310043350000390046450000520050350001250055550400320068065000220071265000190073429935BD-RjUL20211209051502.0140408s1977 ii b 000 0 eng a(BD-RjUL)30020 aDLCcDLCdDLCdBD-RjULbeng aeng00a165bBAC 19771 aBandyopadhyay, Nandita.14aThe concept of logical fallacies :bproblems of hetvābhāsa in Navya-Nyāya in the light of Gaṅgeśa and Raghunātha Śiromaṇi /cby Nandita Bandyopadhyay ; with a foreword by Satkari Mookerjee. aCalcutta :bSanskrit Pustak Bhandar,c1977. a[a]-g, x, 206 p. ;c22 cm. aTitle on spine: Logical fallacies. aIncludes quotations in Sanskrit (roman script). aOriginally presented as the author's thesis, Jadavpur University, with title: Problems of hetvābhāsa in Navya-Nyaya. aBibliography: p. [203]-206. 0aFallacies (Logic) 0aNavya Nyāya.